000 00447nam a2200181Ia 4500
005 20250603145004.0
008 250603s9999 xx 000 0 und d
020 _a978-0-07-2225668-0 / 0-07-225668-0
050 _aTK 5103.4815 .P75/
100 _aPrice, Ron
245 0 _aFundamental of wireless networking
260 _aNew York
260 _bMcGraw-Hill Irwin
260 _c2007
300 _a641 p
650 _aNew York
942 _cBK
999 _c40541
_d40541